| 000 | 01001nam a22002177a 4500 | ||
|---|---|---|---|
| 005 | 20240523134516.0 | ||
| 008 | 240221t ||||| |||| 00| 0 spa d | ||
| 020 | _a8497670469 | ||
| 040 |
_aCO-BoUCM _cDavid Moreno _dDavid Moreno |
||
| 041 | _aspa | ||
| 100 | 1 |
_aMolina Giménez, Andrés. _9180016 |
|
| 245 | 1 | 4 |
_aLas antenas de telefonía movil _brégimen jurídico : análisis de los impactos visuales y radioeléctricos en las comunicaciones móviles _cAndrés Molina Giménez ; prólogo Ramón Martín Mateo. |
| 260 |
_aCizur Menor, Navarra _bAranzadi _c2002 |
||
| 300 | _a281 Paginas | ||
| 490 |
_aColección Monografías Aranzadi ; 245 _aBiblioteca de derecho positivo |
||
| 504 | _aIncluye referencias bibliográficas | ||
| 650 | 1 | 7 |
_a Sistemas de telefonía móvil _xLey y legislación _zEspaña _9180017 |
| 650 | 1 | 7 |
_aSistemas de telefonía móvil _xDerecho y legislación _zEspaña _9180018 |
| 942 |
_2DEWEY _a8 _cLIBRO _e1 _h343.091 _mM722a _n0 |
||
| 999 |
_c323907 _d323907 |
||